College Football Programs by Win%: The American - Statistics

General Stats
  • This quiz has been taken 16 times
  • The average score is 9 of 14
Answer Stats
Win % Team % Correct
57.18 Army
100%
55.15 Navy
92%
43.25 Florida Atlantic
67%
52.24 South Florida
67%
50.58 East Carolina
58%
50.13 Memphis
58%
49.82 North Texas
58%
54.35 Tulsa
58%
52.91 UTSA
58%
34.56 Charlotte
50%
43.01 Rice
50%
44.46 Temple
50%
47.18 UAB
50%
45.85 Tulane
42%
No matching quizzes found
Score Distribution
Percent of People with Each Score
Percentile by Number Answered
Your Score History
You have not taken this quiz